[Event "OLOA 1920 SV Sangerhausen - SG G-W Dres"]
[Site "?"]
[Date "2021.07.17"]
[Round "10.4"]
[White "Hillmann, Michael"]
[Black "Nake, Matthias"]
[Result "1/2-1/2"]
[WhiteElo "2112"]
[BlackElo "2169"]
[PlyCount "163"]
[EventDate "2021.??.??"]
[EventType "team-tourn"]

1. d4 Nf6 2. Bg5 d5 3. Bxf6 exf6 4. e3 Bd6 5. g3 O-O 6. Bg2 c6 7. Ne2 Re8 8.
O-O Bf5 9. Nd2 Qd7 10. c4 dxc4 11. Nxc4 Be4 12. Bxe4 Rxe4 13. Nc3 Re8 14. Qf3
Bb4 15. Rfd1 Bxc3 16. bxc3 Qe6 17. Nb2 Nd7 18. c4 Qe4 19. Qxe4 Rxe4 20. Rd3 b6
21. f3 Ree8 22. Kf2 f5 23. a4 a5 24. Rb3 Rac8 25. Nd3 g5 26. Rc1 Rb8 27. Rcb1
Rbc8 28. Rc1 Rb8 29. Rc2 f6 30. Rcb2 Rbc8 31. c5 bxc5 32. Nxc5 Nxc5 33. dxc5
Rcd8 34. Rb6 Rd3 35. Rxc6 Rexe3 36. Rb8+ Kf7 37. Rc7+ Re7 38. Rxe7+ Kxe7 39.
Rb5 Kd7 40. Rxa5 Rd2+ 41. Kg1 h5 42. c6+ Kxc6 43. Rxf5 Rd6 44. a5 Kd7 45. h4
Ke6 46. Rb5 gxh4 47. gxh4 Rd1+ 48. Kf2 f5 49. Kg3 Rd4 50. Rb6+ Kf7 51. a6 Ra4
52. Rb7+ Kf6 53. a7 Ra3 54. Kf4 Ra4+ 55. Ke3 Ke5 56. f4+ Kd5 57. Rd7+ Ke6 58.
Rh7 Kd5 59. Rd7+ Ke6 60. Rb7 Kd5 61. Re7 Ra3+ 62. Kd2 Kd6 63. Rb7 Kd5 64. Kc2
Ra6 65. Kb3 Ra1 66. Re7 Kd6 67. Rh7 Kd5 68. Re7 Kd6 69. Re5 Rxa7 70. Rxf5 Rg7
71. Kc4 Rg4 72. Kd4 Ke6 73. Ke4 Rxh4 74. Ra5 Rh1 75. Ra6+ Ke7 76. Kf5 Kf7 77.
Ra7+ Kg8 78. Kg6 Rg1+ 79. Kxh5 Kf8 80. Ra5 Kf7 81. Rg5 Rxg5+ 82. Kxg5 1/2-1/2

[Event "OLOA 1920 SV Sangerhausen - SG G-W Dres"]
[Site "?"]
[Date "2021.07.17"]
[Round "10.5"]
[White "Hutsch, Oliver"]
[Black "Hellwig, Tobias"]
[Result "0-1"]
[WhiteElo "2143"]
[BlackElo "2212"]
[PlyCount "58"]
[EventDate "2021.??.??"]
[EventType "team-tourn"]

1. d4 d5 2. Nf3 Nf6 3. g3 Bf5 4. Bg2 e6 5. O-O Be7 6. c4 O-O 7. Nc3 c6 8. h3
Ne4 9. Qb3 Qb6 10. c5 Qxb3 11. axb3 Na6 12. g4 Bg6 13. Bf4 f6 14. Nh4 Bf7 15.
Nf3 e5 16. dxe5 Naxc5 17. Nd4 fxe5 18. Bxe5 Nd2 19. Nf5 Bf6 20. Bd6 Ncxb3 21.
Bxf8 Kxf8 22. Ra3 b5 23. Ra6 Nxf1 24. Kxf1 Be8 25. e4 b4 26. Nd1 dxe4 27. Nd6
Rd8 28. Nxe8 Rxd1+ 29. Ke2 Rd2+ 0-1

[Event "OLOA 1920 SV Sangerhausen - SG G-W Dres"]
[Site "?"]
[Date "2021.07.17"]
[Round "10.6"]
[White "Guenther, Christian"]
[Black "Dahl, Christoph"]
[Result "0-1"]
[WhiteElo "2153"]
[BlackElo "2270"]
[PlyCount "84"]
[EventDate "2021.??.??"]
[EventType "team-tourn"]

1. d4 Nf6 2. c4 g6 3. Nc3 Bg7 4. e4 d6 5. f4 c5 6. d5 O-O 7. Nf3 e6 8. Be2 exd5
9. cxd5 Nbd7 10. O-O Re8 11. Nd2 c4 12. Bxc4 Nc5 13. Bb5 Re7 14. e5 dxe5 15.
Nc4 exf4 16. d6 Re6 17. Bxf4 a6 18. d7 Nfxd7 19. Bxd7 Bxd7 20. Qd5 Bb5 21.
Qxd8+ Rxd8 22. Nxb5 axb5 23. Nd6 Rdxd6 24. Bxd6 Rxd6 25. g3 Bxb2 26. Rad1 Rxd1
27. Rxd1 b4 28. Kg2 Ne4 29. Kf3 Nc3 30. Rd2 Na4 31. Ke4 Bc3 32. Rd8+ Kg7 33.
Ra8 Nc5+ 34. Kd5 Nd3 35. Ke4 Nc1 36. Kd5 Bb2 37. Rc8 Nxa2 38. Rc2 Nc3+ 39. Kc4
Ba3 40. Kb3 b6 41. Rd2 Ne4 42. Re2 Nc5+ 0-1

[Event "OLOA 1920 SV Sangerhausen - SG G-W Dres"]
[Site "?"]
[Date "2021.07.17"]
[Round "10.7"]
[White "Rensch, Toralf"]
[Black "Ellemann, Stefan"]
[Result "1/2-1/2"]
[WhiteElo "2086"]
[BlackElo "2045"]
[PlyCount "54"]
[EventDate "2021.??.??"]
[EventType "team-tourn"]

1. e4 c6 2. d4 d5 3. e5 c5 4. dxc5 e6 5. Be3 Bd7 6. Nf3 Qc7 7. c4 dxc4 8. Bxc4
Bxc5 9. Bxc5 Qxc5 10. Qd4 Qxd4 11. Nxd4 Nc6 12. Nxc6 Bxc6 13. Nc3 Ne7 14. O-O
O-O-O 15. Rad1 Nf5 16. Bb5 Bxb5 17. Nxb5 a6 18. Nc3 Rxd1 19. Rxd1 Rd8 20. Rxd8+
Kxd8 21. f4 Kd7 22. Kf2 f6 23. g4 Nd4 24. Ke3 fxe5 25. fxe5 Nc2+ 26. Ke4 Nb4
27. a3 Nc6 1/2-1/2

[Event "OLOA 1920 SV Rochade Magdeburg 96 - SG"]
[Site "?"]
[Date "2021.07.18"]
[Round "11.1"]
[White "Schunk, Thomas"]
[Black "Mueller, Dominik"]
[Result "1/2-1/2"]
[WhiteElo "2139"]
[BlackElo "2220"]
[PlyCount "113"]
[EventDate "2021.??.??"]
[EventType "team-tourn"]

1. c4 Nf6 2. Nc3 e5 3. e4 Bc5 4. d3 d6 5. Be2 h6 6. h3 Nc6 7. a3 O-O 8. b4 Bd4
9. Qc2 a5 10. b5 Ne7 11. Nf3 Ba7 12. Rb1 Ng6 13. O-O Bc5 14. Na4 b6 15. Kh2 Nh7
16. Ng1 Ng5 17. Bh5 Ne6 18. g3 Bd4 19. Nc3 Ne7 20. Nd5 Nc5 21. Bf3 Nxd5 22.
cxd5 f5 23. Bg2 a4 24. f4 Bd7 25. Ne2 fxe4 26. dxe4 Nb3 27. Rxb3 axb3 28. Qxb3
Bc5 29. a4 exf4 30. gxf4 Qh4 31. Bb2 Rae8 32. Qc3 Qf6 33. Qc2 Qh4 34. Rf3 Bg4
35. Rg3 Rxf4 36. Nxf4 Bg1+ 37. Kxg1 Qxg3 38. Qc3 Qxc3 39. Bxc3 Bd7 40. Nd3 Ra8
41. Nb2 Re8 42. Kf2 g5 43. Kg3 Bf5 44. a5 bxa5 45. Bxa5 Bxe4 46. Nd1 Bxg2 47.
Kxg2 Re7 48. Kf3 Kf7 49. Ne3 Kg6 50. Nc2 h5 51. Nd4 Re5 52. Bxc7 g4+ 53. hxg4
hxg4+ 54. Kf4 Rxd5 55. Ke4 Re5+ 56. Kf4 Rd5 57. Ke4 1/2-1/2

[Event "OLOA 1920 SV Rochade Magdeburg 96 - SG"]
[Site "?"]
[Date "2021.07.18"]
[Round "11.2"]
[White "Niering, Martin"]
[Black "Schultz, Andreas"]
[Result "1-0"]
[WhiteElo "2200"]
[BlackElo "2189"]
[PlyCount "75"]
[EventDate "2021.??.??"]
[EventType "team-tourn"]

1. e4 e6 2. d4 d5 3. e5 c5 4. c3 Nc6 5. Nf3 Bd7 6. Be2 Nge7 7. Na3 cxd4 8. cxd4
Ng6 9. h4 Be7 10. g3 O-O 11. h5 Nh8 12. h6 g6 13. Nc2 f6 14. Bf4 Nf7 15. exf6
Bxf6 16. Qd2 Kh8 17. O-O-O Qb6 18. Kb1 Rac8 19. Ne3 g5 20. Ng4 Bxd4 21. Nxd4
Qxd4 22. Bxg5 Qxd2 23. Bf6+ Kg8 24. Rxd2 e5 25. Bg7 Bxg4 26. Bxg4 Rcd8 27. Bxf8
Kxf8 28. Bf5 Rd6 29. Bxh7 Nxh6 30. f4 Kg7 31. Be4 d4 32. Bxc6 bxc6 33. fxe5 Rd5
34. b4 Nf5 35. Rc1 Rxe5 36. Rxc6 Re4 37. Rd3 Rg4 38. Ra3 1-0

[Event "OLOA 1920 SV Rochade Magdeburg 96 - SG"]
[Site "?"]
[Date "2021.07.18"]
[Round "11.3"]
[White "Roemling, Sven"]
[Black "Stolz, Mike"]
[Result "1-0"]
[WhiteElo "2192"]
[BlackElo "2324"]
[PlyCount "163"]
[EventDate "2021.??.??"]
[EventType "team-tourn"]

1. d4 Nf6 2. Nf3 d6 3. c4 Nbd7 4. d5 g6 5. Nc3 Bg7 6. e4 O-O 7. Nd4 Nc5 8. f3
e5 9. dxe6 fxe6 10. Be3 e5 11. Nb3 b6 12. Be2 Be6 13. Nd5 Ne8 14. O-O Qd7 15.
Qd2 c6 16. Nc3 Qf7 17. Nxc5 bxc5 18. b3 Qe7 19. Rad1 Bf6 20. Qc1 h5 21. Bd3 Nc7
22. Ne2 Bf7 23. f4 exf4 24. Bxf4 Ne6 25. Bxd6 Qxd6 26. Rxf6 Qe5 27. Rdf1 Rad8
28. Qe3 Kg7 29. h3 Rd7 30. Bb1 Re8 31. Qf3 Ree7 32. Kh1 Be8 33. Qc3 Nd4 34. Qe3
Rf7 35. Rxf7+ Bxf7 36. Nf4 Ne6 37. Nd3 Qd4 38. Qg3 Qc3 39. e5 Be8 40. Kh2 Qd4
41. Rf6 h4 42. Qf3 Re7 43. Rf8 Rf7 44. Rxf7+ Bxf7 45. Qf6+ Kg8 46. Nf2 g5 47.
Bh7+ Kf8 48. Ne4 Qe3 49. Bg6 Qf4+ 50. Qxf4 gxf4 51. Bf5 Nd4 52. Bg4 Bg6 53.
Nxc5 Bb1 54. a3 Ba2 55. Bd1 Kf7 56. Kg1 Kg6 57. Kf2 Kf5 58. e6 Kf6 59. Ke1 Bb1
60. Kd2 Bf5 61. Kc3 f3 62. Bxf3 Nxf3 63. gxf3 Bxh3 64. Ne4+ Ke7 65. Kd4 Bf1 66.
Ke3 h3 67. Kf2 h2 68. Ng3 Bh3 69. Nh1 Bxe6 70. Kg2 Kd6 71. Ng3 Ke5 72. Ne2 a5
73. Kxh2 a4 74. f4+ Kd6 75. bxa4 Bxc4 76. Nc3 Kc5 77. Kg3 Kd4 78. a5 Kxc3 79.
f5 Kd4 80. f6 Kc5 81. a4 Kd6 82. Kf4 1-0

[Event "OLOA 1920 SV Rochade Magdeburg 96 - SG"]
[Site "?"]
[Date "2021.07.18"]
[Round "11.4"]
[White "Kahe, Ralph"]
[Black "Pietzsch, Manuel"]
[Result "1/2-1/2"]
[WhiteElo "2172"]
[BlackElo "2151"]
[PlyCount "96"]
[EventDate "2021.??.??"]
[EventType "team-tourn"]

1. d4 Nf6 2. c4 g6 3. Nc3 Bg7 4. e4 d6 5. f3 O-O 6. Be3 a6 7. Bd3 Nbd7 8. Nge2
c6 9. a4 e5 10. d5 a5 11. O-O Nc5 12. Bc2 cxd5 13. cxd5 b6 14. Nb5 Ba6 15. Nec3
Nh5 16. Qd2 f5 17. exf5 gxf5 18. Rad1 Qd7 19. Kh1 Rae8 20. Rfe1 e4 21. Bxc5
bxc5 22. fxe4 f4 23. Bd3 f3 24. gxf3 Kh8 25. Qg2 Be5 26. Qg4 Qf7 27. Qf5 Bc8
28. Qxf7 Rxf7 29. Be2 Rf4 30. Kg2 Rh4 31. Rh1 Rg8+ 32. Kf2 Nf4 33. Bf1 Bh3 34.
Bxh3 Rxh3 35. Ke3 Rg2 36. Rd2 Rxf3+ 37. Kxf3 Rxd2 38. Nd1 h5 39. b3 Rd3+ 40.
Ne3 Ng2 41. Kxg2 Rxe3 42. Rb1 h4 43. Na3 h3+ 44. Kh1 Rxe4 45. Nc4 Re2 46. Nxa5
Rxh2+ 47. Kg1 Rg2+ 48. Kh1 Rh2+ 1/2-1/2

[Event "OLOA 1920 SV Rochade Magdeburg 96 - SG"]
[Site "?"]
[Date "2021.07.18"]
[Round "11.7"]
[White "Lauckner, Joerg"]
[Black "Hoffmann, Uwe"]
[Result "1-0"]
[WhiteElo "2042"]
[BlackElo "2087"]
[PlyCount "79"]
[EventDate "2021.??.??"]
[EventType "team-tourn"]

1. d4 d6 2. Nf3 f5 3. g3 Nf6 4. Bg2 e6 5. b3 Be7 6. Bb2 O-O 7. Nbd2 Qe8 8. c4
Nc6 9. Qc2 a5 10. a3 Bd8 11. e4 e5 12. dxe5 fxe4 13. Nxe4 Ng4 14. h3 Ngxe5 15.
Nxe5 Nxe5 16. f4 Nd7 17. O-O Nf6 18. Rae1 Nxe4 19. Bxe4 Qh5 20. g4 Qxh3 21. Rf2
Qg3+ 22. Kh1 Qh4+ 23. Kg1 Bxg4 24. Re3 Bh5 25. Bxh7+ Kh8 26. Rg2 Bf6 27. Bg6
Qxf4 28. Rh3 Bd4+ 29. Bxd4 Qxd4+ 30. Kh2 Qf4+ 31. Rgg3 Qf2+ 32. Qxf2 Rxf2+ 33.
Kg1 Rf6 34. Rxh5+ Kg8 35. Bh7+ Kf7 36. Rhg5 Ke7 37. Rxg7+ Rf7 38. Re3+ Kf6 39.
Rg6+ Kf5 40. Rf3+ 1-0

[Event "OLOA 1920 SV Rochade Magdeburg 96 - SG"]
[Site "?"]
[Date "2021.07.18"]
[Round "11.8"]
[White "Weitz, Andreas"]
[Black "Attig, Uwe"]
[Result "1/2-1/2"]
[WhiteElo "1912"]
[BlackElo "1859"]
[PlyCount "26"]
[EventDate "2021.??.??"]
[EventType "team-tourn"]

1. d4 d5 2. c4 c6 3. Nc3 Nf6 4. Nf3 Bf5 5. e3 e6 6. Nh4 Bg6 7. Nxg6 hxg6 8. Qb3
Qb6 9. c5 Qxb3 10. axb3 Nbd7 11. b4 Be7 12. b5 O-O 13. b4 e5 1/2-1/2

[Event "OLOA 1920 SG AE Magdeburg II - SG 1871"]
[Site "?"]
[Date "2021.07.18"]
[Round "11.1"]
[White "Pallas, Sebastian"]
[Black "Rothe, Guido"]
[Result "1-0"]
[WhiteElo "2242"]
[BlackElo "2171"]
[PlyCount "93"]
[EventDate "2021.??.??"]
[EventType "team-tourn"]

1. e4 e5 2. Nf3 Nc6 3. d4 exd4 4. Nxd4 Nf6 5. Nxc6 bxc6 6. Bd3 d5 7. Nd2 Bc5 8.
O-O O-O 9. e5 Ng4 10. Nf3 f6 11. exf6 Nxf6 12. Bg5 Qd6 13. Bh4 Ne4 14. Bxe4
dxe4 15. Qxd6 cxd6 16. Nd2 d5 17. Nb3 Bb6 18. Be7 Ba6 19. Bxf8 Rxf8 20. c3 Bxf1
21. Rxf1 Rf6 22. g3 Kf7 23. Kg2 Rf3 24. c4 Rd3 25. c5 Bd8 26. f3 e3 27. Rb1 Ke6
28. Kf1 d4 29. Ke2 Rxb3 30. axb3 Kd5 31. Rc1 a5 32. Kd3 Be7 33. Ra1 Bd8 34. Ra4
Kxc5 35. Rxd4 Bf6 36. Rc4+ Kb5 37. Kxe3 Bxb2 38. h4 c5 39. Ke4 Kc6 40. g4 Ba1
41. f4 Kd6 42. h5 Bb2 43. g5 Ba1 44. Kd3 Bb2 45. Re4 Bc1 46. Kc4 Bd2 47. Re5
1-0

[Event "OLOA 1920 SG AE Magdeburg II - SG 1871"]
[Site "?"]
[Date "2021.07.18"]
[Round "11.2"]
[White "Rafayevych, Vilen"]
[Black "Niegsch, Nicolas"]
[Result "1-0"]
[WhiteElo "2139"]
[BlackElo "2306"]
[PlyCount "91"]
[EventDate "2021.??.??"]
[EventType "team-tourn"]

1. c4 e6 2. Nc3 f5 3. e4 fxe4 4. d3 Nf6 5. Bg5 Bb4 6. dxe4 Nc6 7. Nf3 h6 8. Bd2
O-O 9. Bd3 e5 10. a3 Bxc3 11. Bxc3 d6 12. c5 Be6 13. O-O Qe8 14. cxd6 cxd6 15.
Re1 Nh5 16. Bf1 Nf4 17. Re3 Qg6 18. Kh1 Rad8 19. Qe1 Qf6 20. Rd1 Bg4 21. b4 Nh3
22. Rd2 Qe7 23. b5 Nb8 24. Ng1 Nf4 25. Bb4 Rf6 26. f3 Bh5 27. Ne2 Nxe2 28. Bxe2
Nd7 29. Qc1 Nc5 30. Bxc5 dxc5 31. Rxd8+ Qxd8 32. Qxc5 Rd6 33. h3 Rd2 34. Bc4+
Kh7 35. Qxe5 Qh4 36. Rd3 Qe1+ 37. Kh2 Rf2 38. Qxh5 Rxg2+ 39. Kxg2 Qe2+ 40. Kg3
Qe1+ 41. Kf4 Qc1+ 42. Kf5 Qg1 43. Qg4 Qc5+ 44. e5 Qc8+ 45. Be6 Qe8 46. Rd7 1-0

[Event "OLOA 1920 SG AE Magdeburg II - SG 1871"]
[Site "?"]
[Date "2021.07.18"]
[Round "11.3"]
[White "Reizniece-Ozola, Dana"]
[Black "Wagner, Benjamin"]
[Result "1-0"]
[WhiteElo "2279"]
[BlackElo "1984"]
[PlyCount "99"]
[EventDate "2021.??.??"]
[EventType "team-tourn"]

1. c4 Nf6 2. Nc3 g6 3. g3 Bg7 4. Bg2 O-O 5. Nf3 d6 6. O-O a6 7. d4 Nc6 8. Re1
Rb8 9. Rb1 e5 10. dxe5 Nxe5 11. Nxe5 dxe5 12. Qc2 Bf5 13. e4 Be6 14. Rd1 Qc8
15. Nd5 Nxd5 16. cxd5 Bg4 17. f3 Bh3 18. Be3 Bxg2 19. Kxg2 f5 20. Rbc1 Rf7 21.
h3 Qd7 22. Rd3 Bf8 23. Rb3 b6 24. Qc6 Bd6 25. Qxd7 Rxd7 26. Bc5 Bxc5 27. Rxc5
Rf8 28. Rc2 Rff7 29. Rbc3 Kf8 30. Rc6 a5 31. h4 Kg7 32. Re6 Rfe7 33. Rcc6 Kf7
34. h5 fxe4 35. hxg6+ hxg6 36. fxe4 Ke8 37. Rxg6 Rh7 38. Rg8+ Ke7 39. Rc8 b5
40. R8xc7 a4 41. Rxd7+ Kxd7 42. Rb6 Rh8 43. Rxb5 Rc8 44. Rb4 Rc2+ 45. Kf3 a3
46. bxa3 Rc3+ 47. Kg4 Rxa3 48. Kf5 Rxg3 49. Kxe5 Ra3 50. Rb7+ 1-0

[Event "OLOA 1920 SG AE Magdeburg II - SG 1871"]
[Site "?"]
[Date "2021.07.18"]
[Round "11.4"]
[White "Koenig, Marco"]
[Black "Schuetze, Norman"]
[Result "1/2-1/2"]
[WhiteElo "2133"]
[BlackElo "2310"]
[PlyCount "102"]
[EventDate "2021.??.??"]
[EventType "team-tourn"]

1. e4 e5 2. Nf3 Nc6 3. Bc4 Nf6 4. Nc3 Nxe4 5. Nxe4 d5 6. Bd3 dxe4 7. Bxe4 Bd6
8. O-O O-O 9. h3 Ne7 10. c3 c6 11. Bc2 Bf5 12. Re1 Bxc2 13. Qxc2 Ng6 14. d4
exd4 15. Nxd4 Qc7 16. Be3 Rfe8 17. Nf5 Bh2+ 18. Kh1 Bf4 19. Bd4 Be5 20. Rad1
Bxd4 21. Nxd4 Nf4 22. Re4 g6 23. Rde1 Rxe4 24. Qxe4 Rd8 25. Kg1 a6 26. Nf3 Nd3
27. Re2 Nc5 28. Qe5 Rd1+ 29. Kh2 Qxe5+ 30. Nxe5 f6 31. Nc4 Kf7 32. Na5 Rd7 33.
Kg3 Ne6 34. h4 Nd8 35. Nc4 b5 36. Rd2 Rxd2 37. Nxd2 Ke6 38. Kf4 Kd5 39. Ne4
Ne6+ 40. Ke3 Ke5 41. g3 g5 42. hxg5 fxg5 43. Nxg5 Nxg5 44. f4+ Kf5 45. fxg5 c5
46. b4 cxb4 47. cxb4 Kg4 48. Kf2 Kxg5 49. Kf3 h5 50. a3 Kf5 51. Kf2 Ke4 1/2-1/2

[Event "OLOA 1920 SG AE Magdeburg II - SG 1871"]
[Site "?"]
[Date "2021.07.18"]
[Round "11.5"]
[White "Mertens, Fridolin"]
[Black "Noack, Marcel"]
[Result "1/2-1/2"]
[WhiteElo "2143"]
[BlackElo "2027"]
[PlyCount "27"]
[EventDate "2021.??.??"]
[EventType "team-tourn"]

1. e4 g6 2. d4 Bg7 3. Nf3 d6 4. Nc3 Nf6 5. Be3 Nbd7 6. Bc4 e5 7. dxe5 dxe5 8.
Qd2 O-O 9. O-O-O Qe7 10. Nd5 Nxd5 11. exd5 e4 12. Nd4 Ne5 13. Bb3 c5 14. dxc6
1/2-1/2

[Event "OLOA 1920 SG AE Magdeburg II - SG 1871"]
[Site "?"]
[Date "2021.07.18"]
[Round "11.6"]
[White "Brueggemann, Florian"]
[Black "Boehm, Christian"]
[Result "0-1"]
[WhiteElo "1975"]
[BlackElo "2090"]
[PlyCount "60"]
[EventDate "2021.??.??"]
[EventType "team-tourn"]

1. c3 Nf6 2. Nf3 g6 3. g3 Bg7 4. Bg2 O-O 5. O-O d6 6. d3 c5 7. Nh4 Nc6 8. h3 e5
9. e4 Be6 10. Be3 Ne8 11. Qd2 Nc7 12. Kh2 Qe7 13. f4 f5 14. exf5 gxf5 15. Qf2
Nd5 16. Bxd5 Bxd5 17. c4 Be6 18. Nc3 Nb4 19. Rad1 e4 20. dxe4 fxe4 21. Rxd6
Qxd6 22. Bxc5 Qd3 23. Bxb4 Rf7 24. Re1 Bd4 25. Qe2 Bxc4 26. Qxd3 exd3 27. b3 a5
28. bxc4 axb4 29. Nb5 Rxa2+ 30. Ng2 Bc3 0-1

[Event "OLOA 1920 SG AE Magdeburg II - SG 1871"]
[Site "?"]
[Date "2021.07.18"]
[Round "11.8"]
[White "Willberg, Frank"]
[Black "Schindler, Christian"]
[Result "0-1"]
[WhiteElo "1882"]
[BlackElo "2171"]
[PlyCount "82"]
[EventDate "2021.??.??"]
[EventType "team-tourn"]

1. Nf3 Nf6 2. g3 c5 3. c4 Nc6 4. Bg2 d6 5. d4 cxd4 6. Nxd4 Bd7 7. Nc3 g6 8. O-O
Bg7 9. b3 O-O 10. Bb2 a6 11. Nd5 Nxd5 12. cxd5 Nxd4 13. Bxd4 Rc8 14. Bxg7 Kxg7
15. Qd4+ Kg8 16. Rfc1 Qa5 17. a4 Rxc1+ 18. Rxc1 Rc8 19. Rxc8+ Bxc8 20. Qd1 Qc3
21. Be4 Bh3 22. Bg2 Bd7 23. Be4 b5 24. axb5 Bxb5 25. Bd3 Bxd3 26. Qxd3 Qxd3 27.
exd3 Kg7 28. f3 Kf6 29. d4 e5 30. dxe6 Kxe6 31. Kf2 Kd5 32. Ke3 a5 33. g4 f6
34. f4 Kc6 35. h4 d5 36. Kd3 Kb5 37. Kc3 f5 38. g5 a4 39. Kb2 Kb4 40. bxa4 Kxa4
41. Kc3 Ka3 0-1

[Event "OLOA 1920 Nickelhütte Aue II - SK König"]
[Site "?"]
[Date "2021.07.18"]
[Round "11.1"]
[White "Burian, Simon"]
[Black "Pulpan, Jakub"]
[Result "1/2-1/2"]
[WhiteElo "2118"]
[BlackElo "2405"]
[PlyCount "67"]
[EventDate "2021.??.??"]
[EventType "team-tourn"]

1. e4 c5 2. Nf3 d6 3. d4 cxd4 4. Nxd4 Nf6 5. Nc3 Nc6 6. Bg5 Qb6 7. Nb3 e6 8.
Qe2 a6 9. O-O-O Qc7 10. Kb1 b5 11. f3 Bb7 12. g4 Ne5 13. f4 Nc4 14. f5 Rc8 15.
Bxf6 gxf6 16. fxe6 fxe6 17. g5 fxg5 18. Bh3 Nxb2 19. Qh5+ Kd8 20. Nd4 Qxc3 21.
Nxe6+ Kd7 22. Qf7+ Kc6 23. Nd4+ Kb6 24. Bxc8 Bxc8 25. Ne2 Qb4 26. a3 Qxa3 27.
Qf6 Nxd1 28. Qxh8 Qb4+ 29. Kc1 Nf2 30. Rf1 Qa3+ 31. Kb1 Qb4+ 32. Kc1 Qa3+ 33.
Kb1 Qb4+ 34. Kc1 1/2-1/2

[Event "OLOA 1920 Nickelhütte Aue II - SK König"]
[Site "?"]
[Date "2021.07.18"]
[Round "11.2"]
[White "Cerveny, Martin"]
[Black "Fischer, Erik"]
[Result "1-0"]
[WhiteElo "2411"]
[BlackElo "2014"]
[PlyCount "73"]
[EventDate "2021.??.??"]
[EventType "team-tourn"]

1. Nf3 Nf6 2. c4 e6 3. d4 d5 4. Nc3 c6 5. e3 Nbd7 6. Bd3 dxc4 7. Bxc4 b5 8. Bd3
Bd6 9. Qc2 Bb7 10. Bd2 Rc8 11. a3 a6 12. b4 e5 13. O-O O-O 14. Ne4 Nxe4 15.
Bxe4 g6 16. Rad1 Qe7 17. Bc3 Rc7 18. Rfe1 Re8 19. h4 Rcc8 20. h5 Bb8 21. Bb2 f5
22. Qb3+ Kf8 23. Bb1 e4 24. Ba2 Kg7 25. d5+ Kh6 26. dxc6 Bxc6 27. Nd4 Ne5 28.
hxg6 hxg6 29. g3 Nf3+ 30. Kg2 Nxe1+ 31. Rxe1 Qb7 32. Rh1+ Kg5 33. Ne6+ Rxe6 34.
Qxe6 Rf8 35. Rh8 Rxh8 36. Qf6+ Kh6 37. Qh4# 1-0

[Event "OLOA 1920 Nickelhütte Aue II - SK König"]
[Site "?"]
[Date "2021.07.18"]
[Round "11.3"]
[White "Paul, Mathias"]
[Black "Jurasek, Miroslav"]
[Result "1-0"]
[WhiteElo "2150"]
[BlackElo "2238"]
[PlyCount "53"]
[EventDate "2021.??.??"]
[EventType "team-tourn"]

1. d4 d5 2. Nf3 e6 3. g3 c5 4. Bg2 Nc6 5. O-O Nf6 6. c4 dxc4 7. dxc5 Qxd1 8.
Rxd1 Bxc5 9. Nbd2 c3 10. bxc3 O-O 11. Nb3 Be7 12. Bb2 Bd7 13. c4 Rfd8 14. Ne5
Nxe5 15. Bxe5 Bc6 16. Bxc6 bxc6 17. Na5 Rac8 18. Bxf6 Bxf6 19. Rab1 Kf8 20. e3
Ke8 21. Kf1 Bc3 22. Rxd8+ Kxd8 23. Nb7+ Ke7 24. Nc5 Ba5 25. Rb7+ Rc7 26. Rb8
Kd6 27. Nb7+ 1-0

[Event "OLOA 1920 Nickelhütte Aue II - SK König"]
[Site "?"]
[Date "2021.07.18"]
[Round "11.4"]
[White "Heinz, Thomas"]
[Black "Beyer, Christof"]
[Result "0-1"]
[WhiteElo "2185"]
[BlackElo "2028"]
[PlyCount "46"]
[EventDate "2021.??.??"]
[EventType "team-tourn"]

1. c4 e5 2. Nc3 Nf6 3. e4 Bb4 4. d3 O-O 5. Nf3 Re8 6. Be2 c6 7. a3 Bxc3+ 8.
bxc3 d5 9. cxd5 cxd5 10. Qc2 b6 11. exd5 Nxd5 12. O-O Bb7 13. Bb2 Nc6 14. Rfe1
Rc8 15. Bf1 Nf4 16. c4 Qf6 17. Rad1 Nd4 18. Bxd4 Bxf3 19. gxf3 exd4 20. Re4
Rxe4 21. fxe4 Qg5+ 22. Kh1 Qg4 23. f3 Qxf3+ 0-1

[Event "OLOA 1920 Nickelhütte Aue II - SK König"]
[Site "?"]
[Date "2021.07.18"]
[Round "11.5"]
[White "Pfeufer, Lion"]
[Black "Heinz, Juergen"]
[Result "0-1"]
[WhiteElo "2031"]
[BlackElo "2157"]
[PlyCount "62"]
[EventDate "2021.??.??"]
[EventType "team-tourn"]

1. e4 Nf6 2. e5 Nd5 3. c4 Nb6 4. d4 d6 5. exd6 cxd6 6. Nc3 g6 7. Be3 Bg7 8. d5
Na6 9. Bd4 f6 10. h4 e5 11. dxe6 Bxe6 12. b3 Qe7 13. Be2 O-O 14. Nf3 Nc5 15.
O-O Rad8 16. b4 Ncd7 17. Nd5 Qf7 18. Nxb6 axb6 19. Rc1 Rc8 20. Be3 Ne5 21. Qxd6
Nxc4 22. Bxc4 Bxc4 23. Rfd1 b5 24. a3 Ra8 25. Rc3 Rfe8 26. Rd2 Re6 27. Qd7 Re7
28. Qd6 Re4 29. Qg3 Qe8 30. Bd4 Bh6 31. Rb2 Bf4 0-1

[Event "OLOA 1920 Nickelhütte Aue II - SK König"]
[Site "?"]
[Date "2021.07.18"]
[Round "11.6"]
[White "Poessel, Christian"]
[Black "Hoerr, Christian"]
[Result "1-0"]
[WhiteElo "1992"]
[BlackElo "1904"]
[PlyCount "97"]
[EventDate "2021.??.??"]
[EventType "team-tourn"]

1. d4 e6 2. Nf3 d5 3. c4 Nf6 4. g3 dxc4 5. Nc3 c5 6. Qa4+ Bd7 7. Qxc4 cxd4 8.
Nxd4 Nc6 9. Bg2 Rc8 10. O-O Nxd4 11. Qxd4 Bc5 12. Qh4 Qb6 13. Na4 Bxa4 14.
Qxa4+ Ke7 15. a3 Rhd8 16. b4 Bd4 17. Rb1 Nd5 18. Bd2 Nc3 19. Bxc3 Rxc3 20. e3
Bf6 21. Rfd1 Rcd3 22. Rdc1 R8d7 23. b5 g6 24. Rc8 Qd6 25. Qxa7 Rxa3 26. Qb8 Be5
27. Re8+ Kf6 28. Qxd6 Bxd6 29. Rd1 Rb3 30. Bf1 Re7 31. Rh8 Kg7 32. Rc8 Ba3 33.
Kg2 b6 34. h4 Bc5 35. g4 Rb4 36. Kg3 f6 37. Rdd8 Ra7 38. h5 gxh5 39. Rg8+ Kh6
40. gxh5 Bd6+ 41. Kf3 Rg7 42. Rxg7 Kxg7 43. Rc6 Bc5 44. Rxe6 Rh4 45. Rc6 Rxh5
46. Rc7+ Kg6 47. Bd3+ f5 48. Rc6+ Kg5 49. Kg3 1-0

[Event "OLOA 1920 SG Leipzig I - SK König Plaue"]
[Site "?"]
[Date "2021.07.18"]
[Round "11.2"]
[White "Richter, Leonard"]
[Black "Zaehringer, Daniel"]
[Result "1/2-1/2"]
[WhiteElo "2272"]
[BlackElo "2138"]
[PlyCount "81"]
[EventDate "2021.??.??"]
[EventType "team-tourn"]

1. e4 e5 2. Nf3 Nf6 3. Nxe5 d6 4. Nf3 Nxe4 5. c4 Nc6 6. Nc3 Nxc3 7. bxc3 Be7 8.
d4 O-O 9. Bd3 Re8 10. O-O Bg4 11. Rb1 Rb8 12. Be4 Na5 13. h3 Be6 14. d5 Bd7 15.
Qd3 h6 16. Nd4 Bf6 17. Bf3 b6 18. Bd1 Bxd4 19. cxd4 Qf6 20. Bc2 g6 21. Qc3 Kg7
22. c5 Bc8 23. Qd2 Qh4 24. Bd3 Bb7 25. c6 Bc8 26. Bb2 Bf5 27. Bxf5 gxf5 28. Bc3
f4 29. Qd3 Qg5 30. Bxa5 bxa5 31. Qf3 Rb4 32. Rfe1 Rxe1+ 33. Rxe1 Rxd4 34. Qc3
Qf6 35. Qxa5 f3 36. Qxc7 fxg2 37. Qxa7 Rxd5 38. Qa3 Rc5 39. Qg3+ Qg6 40. Qxg6+
Kxg6 41. Kxg2 1/2-1/2

[Event "OLOA 1920 SG Leipzig I - SK König Plaue"]
[Site "?"]
[Date "2021.07.18"]
[Round "11.3"]
[White "Pfretzschner, Roland"]
[Black "Nguyen, Alex Dac-Vuong"]
[Result "1/2-1/2"]
[WhiteElo "2219"]
[BlackElo "2298"]
[PlyCount "44"]
[EventDate "2021.??.??"]
[EventType "team-tourn"]

1. e4 c5 2. Nf3 e6 3. d4 cxd4 4. Nxd4 a6 5. Nc3 Qc7 6. g3 Bb4 7. Qd3 Nf6 8. Bg2
Nc6 9. Nxc6 bxc6 10. O-O d5 11. exd5 cxd5 12. Bf4 Qd7 13. Qd4 a5 14. Be5 Be7
15. Na4 Qc6 16. b3 Ba6 17. c4 O-O 18. Rfd1 Rfd8 19. Rac1 Qe8 20. cxd5 Nxd5 21.
Qg4 Bf8 22. Nc3 Bb7 1/2-1/2

[Event "OLOA 1920 SG Leipzig I - SK König Plaue"]
[Site "?"]
[Date "2021.07.18"]
[Round "11.4"]
[White "Heistermann, Till"]
[Black "Hoerr, Matthias"]
[Result "1-0"]
[WhiteElo "2168"]
[BlackElo "2153"]
[PlyCount "73"]
[EventDate "2021.??.??"]
[EventType "team-tourn"]

1. d4 Nf6 2. Bf4 d5 3. e3 c5 4. c3 Nc6 5. Nd2 e6 6. Ngf3 cxd4 7. exd4 Nh5 8.
Be3 Bd6 9. Ne5 g6 10. Bb5 Bd7 11. Nxd7 Qxd7 12. Nf3 O-O 13. O-O a6 14. Bd3 b5
15. a3 Qc7 16. Qe2 Nf4 17. Bxf4 Bxf4 18. g3 Bd6 19. Rfe1 Na5 20. h4 Nc4 21. h5
Rae8 22. Kg2 e5 23. Bxc4 dxc4 24. dxe5 Bxe5 25. Nxe5 f6 26. hxg6 Rxe5 27. gxh7+
Qxh7 28. Qg4+ Qg7 29. Qxg7+ Kxg7 30. Rxe5 fxe5 31. Rd1 Rf6 32. Rd5 Re6 33. Kf3
Kf7 34. Ke4 Rf6 35. Rxe5 Rxf2 36. Rf5+ Rxf5 37. Kxf5 1-0